[Event "NOR-chT fin"]
[Site "Oslo"]
[Date "2002.05.08"]
[Round "1"]
[White "Hagesaether, Ellen"]
[Black "Heim, Sverre"]
[Result "0-1"]
[WhiteElo "2142"]
[BlackElo "2383"]
[PlyCount "122"]
[EventDate "2002.05.08"]
[EventType "team-tourn"]
[EventRounds "5"]
[EventCountry "NOR"]
[SourceTitle "CBM 088 Extra"]
[Source "ChessBase"]
[SourceDate "2002.07.01"]
[SourceVersion "2"]
[SourceVersionDate "2002.07.01"]
[SourceQuality "1"]

1. Nf3 Nf6 2. g3 b5 3. Bg2 Bb7 4. 0-0 g6 5. d3 Bg7 6. e4 0-0 7. Nbd2 c5 8. Re1 d6 9. c3 Nc6 10. d4 cxd4 11. Nxd4 Qb6 12. Nxc6 Bxc6 13. Nb3 a6 14. Be3 Qc7 15. f3 Rac8 16. Qd2 Rfd8 17. Rac1 Ba8 18. Bf1 Nd7 19. Qf2 d5 20. Nd2 dxe4 21. Nxe4 Ne5 22. Bd4 Qc6 23. Be2 Ng4 24. Qf1 Bxd4+ 25. cxd4 Qd5 26. Rxc8 Rxc8 27. Nf2 Ne3 28. Qh3 e6 29. Qh4 Nf5 30. Qf4 Qxd4 31. Rc1 Rxc1+ 32. Qxc1 Kg7 33. Kf1 Qe3 34. Qxe3 Nxe3+ 35. Ke1 Nc2+ 36. Kd2 Nd4 37. f4 Kf6 38. Nd3 Ke7 39. Bd1 Kd6 40. Ne5 f6 41. Ng4 Ke7 42. Ke3 Nf5+ 43. Kd3 a5 44. a3 Bd5 45. Nf2 e5 46. fxe5 fxe5 47. b4 a4 48. Ne4 h6 49. Nc3 Bc4+ 50. Ke4 Kf6 51. Bf3 Nd4 52. Bd1 Ke6 53. Bg4+ Kd6 54. Bd1 Be6 55. Ke3 Bb3 56. Kd2 Bxd1 57. Kxd1 Kc6 58. Kd2 Nf3+ 59. Ke3 Nxh2 60. Ke4 Ng4 61. Nd5 Kd6 0-1

[Event "Nordic-ch"]
[Site "Bergen"]
[Date "2001.08.12"]
[Round "9"]
[White "Djurhuus, Rune"]
[Black "Heim, Sverre"]
[Result "1-0"]
[WhiteElo "2474"]
[BlackElo "2371"]
[PlyCount "127"]
[EventDate "2001.08.04"]
[EventType "swiss"]
[EventRounds "9"]
[EventCountry "NOR"]
[SourceTitle "CBM 083 Extra"]
[Source "ChessBase"]
[SourceDate "2001.09.11"]
[SourceVersion "1"]
[SourceVersionDate "2001.09.11"]
[SourceQuality "1"]

1. e4 e6 2. d4 d5 3. e5 c5 4. c3 Nc6 5. Nf3 Qb6 6. a3 Nh6 7. b4 cxd4 8. cxd4 Nf5 9. Be3 Bd7 10. Bd3 Nxe3 11. fxe3 Be7 12. 0-0 Rc8 13. Qd2 0-0 14. Nc3 f6 15. Na4 Qd8 16. exf6 Bxf6 17. Nc5 b6 18. Nxd7 Qxd7 19. Rac1 Nb8 20. Rc2 g6 21. Rfc1 Rxc2 22. Qxc2 Qd6 23. Qc7 Qxc7 24. Rxc7 Rf7 25. Rc8+ Rf8 26. Rc7 Rf7 27. Rc8+ Rf8 28. Rc2 Rd8 29. h4 Kf8 30. g4 Ke7 31. Rc7+ Rd7 32. Rc8 Rd8 33. Rc7+ Rd7 34. Rc1 Kd8 35. g5 Bh8 36. Kf2 Rc7 37. Rh1 e5 38. dxe5 Nd7 39. h5 Nxe5 40. Nxe5 Bxe5 41. hxg6 hxg6 42. Bxg6 Rg7 43. Rh6 Bb2 44. a4 Ba3 45. Kf3 Bxb4 46. Kf4 Bd2 47. Bf5 Re7 48. Rd6+ Kc7 49. Rxd5 Bxe3+ 50. Kg4 Kc6 51. Rd3 Kc5 52. Rb3 Bd4 53. Bd3 Kd6 54. Bb5 Re3 55. Rb1 Re4+ 56. Kh5 Be3 57. Rd1+ Ke6 58. Bd7+ Ke7 59. Bf5 Rxa4 60. Rd7+ Kf8 61. g6 Bd4 62. Rf7+ Kg8 63. Be6 Kh8 64. Rh7# 1-0

[Event "Nordic-ch"]
[Site "Bergen"]
[Date "2001.08.11"]
[Round "8"]
[White "Heim, Sverre"]
[Black "Johannessen, Leif Erlend"]
[Result "0-1"]
[WhiteElo "2371"]
[BlackElo "2426"]
[PlyCount "96"]
[EventDate "2001.08.04"]
[EventType "swiss"]
[EventRounds "9"]
[EventCountry "NOR"]
[SourceTitle "CBM 083 Extra"]
[Source "ChessBase"]
[SourceDate "2001.09.11"]
[SourceVersion "1"]
[SourceVersionDate "2001.09.11"]
[SourceQuality "1"]

1. e4 e6 2. d4 d5 3. Nd2 Be7 4. Bd3 c5 5. dxc5 Nf6 6. Qe2 Nc6 7. Ngf3 Nb4 8. Nb3 Nxd3+ 9. cxd3 a5 10. e5 Nd7 11. a4 Nxc5 12. Nxc5 Bxc5 13. 0-0 0-0 14. d4 Be7 15. Bd2 b6 16. Rfb1 Bd7 17. b4 Bxb4 18. Bxb4 axb4 19. Qd1 Qe7 20. Qb3 Ra5 21. Qxb4 Qxb4 22. Rxb4 b5 23. Kf1 bxa4 24. Ke1 Rc8 25. Kd2 Raa8 26. Ne1 Rcb8 27. Rxb8+ Rxb8 28. Nd3 Be8 29. Nc5 Rb2+ 30. Ke3 Rb4 31. h4 Kf8 32. g3 Ke7 33. Ra3 Bb5 34. f4 h5 35. Rc3 Bc4 36. Ra3 Bb5 37. Rc3 Kf8 38. Nb7 Bc4 39. Nd6 Ke7 40. f5 f6 41. Kf4 Rb3 42. Rc2 Rd3 43. Nc8+ Kd8 44. exf6 gxf6 45. fxe6 Kxc8 46. Kf5 Kd8 47. Kxf6 Rf3+ 48. Ke5 Ke7 0-1